000 01130nam a22002657a 4500
001 4103
003 FISKH
005 20250829143607.0
008 240606b cb ||||| |||| 00| 0 eng d
020 _a9780545344586
040 _aFISKH
_beng
_cFISKH
_dFISKH
050 _aPN6119.N36
082 _a822.914
100 _aNanus Susan
245 _aThe phantom tollbooth /
_cSusan Nanus
260 _aNew York :
_bScholastic,
_c1977
300 _a72 pages :
_c22 cm
505 _aZ
520 _aFantasyCharacters:15 male and female Simple set. Here are Milo's adventures in the Land of Wisdom where he's forced to think about many new things. Milo learns of the argument between King Azaz and his brother, the Mathemagician whose disagreement over words and numbers has led to the banishment of Princesses Sweet Rhyme and Pure Reason. Milo is dispatched to rescue the Princesses from the Land of Ignorance. The knowledge and skills Milo picks up on his journey help him to s.
521 8 _a1000
_bLexile
521 8 _aZ
_bRaz-Plus
700 _aSusan Nanus
942 _2ddc
_cBK
_n0
999 _c4103
_d4103